Dopad finančnej krízy na realitný trh v SR

Vplyv finančnej krízy a jej dopad na realitný trh v Slovenskej republike. Všeobecný prehľad o realitnom trhu. Stavebný trh a vývoj stavebnej produkcie, bytová výstavba v Bratislave a hypotekárne bankovníctvo s podrobnými ukazovateľmi ako schválené čerpané hypotekárne úvery. Priamy prieskum cien nehn...

Descrizione completa

Salvato in:
Dettagli Bibliografici
Autore principale: Pogány, Tomáš
Natura: Capitolo di libro
Lingua:slovacco
Soggetti:
Tags: Aggiungi Tag
Nessun Tag, puoi essere il primo ad aggiungerne!!

MARC

LEADER 00000nla a2200000 4500
001 0181188
005 20240502073115.3
041 0 |a slo 
044 |a SK 
245 1 0 |a Dopad finančnej krízy na realitný trh v SR  |c Tomáš Pogány 
520 |a Vplyv finančnej krízy a jej dopad na realitný trh v Slovenskej republike. Všeobecný prehľad o realitnom trhu. Stavebný trh a vývoj stavebnej produkcie, bytová výstavba v Bratislave a hypotekárne bankovníctvo s podrobnými ukazovateľmi ako schválené čerpané hypotekárne úvery. Priamy prieskum cien nehnuteľností určených na bývanie prostredníctvom oficiálnych údajov z Národnej banky Slovenska. Vlastný prieskum realitného trhu s novými bytmi v Bratislave na základe vzorky vybraných bytov. 
610 2 0 |a trh realitný 
610 2 0 |a výstavba bytová 
610 2 0 |a bankovníctvo hypotekárne 
610 2 0 |a kríza finančná 
100 1 |a Pogány, Tomáš